00594nam a2200193 a 450000100060000000300080000600500170001400800410003103500190007204000270009104100080011808200310012610000280015724501070018526000400029230000240033250000190035665000250037572384BD-RjUL20211209082244.0170517s1968 nyu b 001 0 eng  a(BD-RjUL)72601 aDLCcDLCdBD-RjULbeng aeng00a301.45296073223bTES 19681 aTeller, Judd L.,d1912-10aStrangers and natives :bthe evolution of the American Jew from 1921 to the present /cJudd L. Teller. aNew York :bDelacorte Press,c1968. ax, 308 p. ;c24 cm. aIncludes index 0aJewszUnited States.